000 01007nam0a22002531 4500
001 rc\3050316
005 20250806202317.0
035 _a(NLR Aleph) 007189843
090 _a46242
_c46242
100 _a20111010d1945 u y0rusy50 ca
101 0 _arus
102 _aRU
105 _ay ij |||||
200 1 _aУчебно-методические указания Московского заочного статистического института
_e[Планы и программы]
_fЦентр. стат. упр. Госплана СССР
210 _aМосква
_cГоспланиздат
_d1945
_eКалуга
_gТип. им. Воровского
215 _a95 с.
_d22 см
710 0 2 _aМосковский заочный статистический институт
801 0 _aRU
_bNLR
_gpsbo
801 1 _aRU
_bELAR
_2rusmarc
852 _aNLR
_jПр40 Г-6/40
942 _cBOOK
945 _aРоссийская национальная библиотека
980 _aNB
980 _aBV